000 00601nam a2200229Ia 4500
003 OSt
005 20221005113903.0
006 a|||||r|||| 00| 0
007 ta
008 221004b |||||||| |||| 00| 0 kan d
024 _a59134
037 _cTextual
040 _aCRL
_cCRL
_bkan
041 _2kan
_akan
082 _aY.351p213N67, 33K7
245 0 _aAkhila baharatiya sahitya sammalena tlonnu bithenvu hulakella
260 _c1967
650 _a SOCIOLOGY
650 _aKANNAD LITERATURE
942 _hY.351p213N67, 33K7
_cTEXL
_2cc
999 _c1029639
_d1029639